[Event "Duisburg Grossenbaum op"]
[Site "Duisburg"]
[Date "2004.05.29"]
[Round "2"]
[White "Loskamp, Stefan"]
[Black "Scharrenbroich, Andreas"]
[Result "1-0"]
[WhiteElo "2124"]
[BlackElo "1750"]
[PlyCount "91"]
[EventDate "2004.05.28"]
[EventType "swiss"]
[EventRounds "7"]
[EventCountry "GER"]
[SourceTitle "EXT 2006"]
[Source "ChessBase"]
[SourceDate "2005.11.24"]
[SourceVersion "1"]
[SourceVersionDate "2005.11.24"]
[SourceQuality "1"]

1. e4 e6 2. d4 d5 3. Nc3 Nf6 4. e5 Nfd7 5. f4 c5 6. Nf3 Nc6 7. Be3 Qb6 8. Na4 Qa5+ 9. c3 cxd4 10. b4 Qc7 11. Nxd4 a6 12. Be2 b5 13. Nb2 Nxb4 14. cxb4 Qc3+ 15. Qd2 Bxb4 16. Kd1 Qa3 17. Qc1 Bc3 18. Nd3 Qa4+ 19. Nb3 Bxa1 20. Qxa1 Qe4 21. Qd4 f5 22. Bf3 Qxd4 23. Bxd4 Nb8 24. Na5 Bd7 25. Nb4 Kf7 26. Kd2 Rc8 27. Rc1 Rxc1 28. Kxc1 Nc6 29. Nbxc6 Bxc6 30. Kb2 Rc8 31. Nb3 b4 32. Bc5 d4 33. Bh5+ g6 34. Be2 a5 35. Nxa5 Bb5 36. Nb7 Rxc5 37. Nd6+ Kg7 38. Nxb5 g5 39. Nxd4 Rd5 40. Nxe6+ Kh8 41. Bf3 Rd2+ 42. Kb3 g4 43. Bc6 h5 44. Nc7 Kg7 45. Nd5 Rxg2 46. e6 1-0

[Event "Bad Zwesten op 4th"]
[Site "Bad Zwesten"]
[Date "2000.01.09"]
[Round "4"]
[White "Bravo Lutz, Sebastian"]
[Black "Loskamp, Stefan"]
[Result "1-0"]
[WhiteElo "1924"]
[BlackElo "2158"]
[PlyCount "89"]
[EventDate "2000.01.??"]
[EventType "swiss"]
[EventRounds "9"]
[EventCountry "GER"]
[SourceTitle "EXT 2001"]
[Source "ChessBase"]
[SourceDate "2000.11.22"]
[SourceVersion "1"]
[SourceVersionDate "2000.11.22"]
[SourceQuality "1"]

1. e4 c5 2. Nf3 a6 3. d3 g6 4. g3 Bg7 5. Bg2 d6 6. 0-0 e6 7. c3 Ne7 8. Nbd2 0-0 9. a4 b6 10. Qb3 Nbc6 11. Nc4 Rb8 12. Bf4 e5 13. Bd2 h6 14. Ne3 Be6 15. Qd1 d5 16. Ne1 d4 17. Ng4 h5 18. Nh6+ Kh7 19. Nf5 Nxf5 20. exf5 Bd5 21. Nf3 e4 22. Ng5+ Kh8 23. dxe4 Bc4 24. Re1 dxc3 25. bxc3 Na5 26. Nh3 Nb3 27. Ra2 Qf6 28. Bg5 Qxc3 29. Rc2 Qd3 30. f6 Bh6 31. Bxh6 Rfd8 32. Qxd3 Bxd3 33. Rb2 c4 34. Bf4 Rbc8 35. Ng5 Kg8 36. e5 Bf5 37. Bb7 Rc5 38. Bxa6 Nd4 39. Be3 c3 40. Rxb6 Nc2 41. Bxc5 Nxe1 42. Be3 Nf3+ 43. Nxf3 Bh3 44. Rd6 Rb8 45. Bb5 1-0

[Event "Bad Zwesten op 4th"]
[Site "Bad Zwesten"]
[Date "2000.01.03"]
[Round "3"]
[White "Loskamp, Stefan"]
[Black "Ackermann, Hans Werner"]
[Result "0-1"]
[WhiteElo "2158"]
[BlackElo "2310"]
[PlyCount "91"]
[EventDate "2000.01.??"]
[EventType "swiss"]
[EventRounds "9"]
[EventCountry "GER"]
[SourceTitle "EXT 2001"]
[Source "ChessBase"]
[SourceDate "2000.11.22"]
[SourceVersion "1"]
[SourceVersionDate "2000.11.22"]
[SourceQuality "1"]

1. d4 Nf6 2. Nf3 e6 3. c4 c5 4. d5 exd5 5. cxd5 Bd6 6. g3 0-0 7. Bg2 Bc7 8. 0-0 d6 9. Nfd2 Re8 10. e4 Nbd7 11. Qc2 Rb8 12. a4 a6 13. Nc3 b5 14. axb5 axb5 15. b3 Nf8 16. Bb2 Bd7 17. Nd1 h6 18. Bc3 N8h7 19. f3 Bb6 20. Nf2 Qc7 21. h3 Nh5 22. Kh2 Ra8 23. f4 Rxa1 24. Bxa1 Ra8 25. Qc3 N5f6 26. e5 Ra2 27. exf6 Ba5 28. Qe3 Bxd2 29. Qe7 c4 30. bxc4 bxc4 31. fxg7 c3 32. Ne4 Kxg7 33. Nxd2 Rxd2 34. Qe3 Ra2 35. Bxc3+ Kg8 36. Qd4 f6 37. g4 Rc2 38. Rf3 Qc8 39. Re3 Qf8 40. Kg3 h5 41. g5 Qg7 42. h4 Rc1 43. Re2 Nf8 44. Qxf6 Rxc3+ 45. Kf2 Qxf6 46. gxf6 0-1

[Event "Cologne-ch 48th"]
[Site "Cologne"]
[Date "1999.??.??"]
[Round "5"]
[White "Balduan, Markus"]
[Black "Loskamp, Stefan"]
[Result "1/2-1/2"]
[WhiteElo "2355"]
[BlackElo "2155"]
[PlyCount "111"]
[EventDate "1999.??.??"]
[EventType "swiss"]
[EventRounds "9"]
[EventCountry "GER"]
[SourceTitle "EXT 2003"]
[Source "ChessBase"]
[SourceDate "2002.11.25"]
[SourceVersion "1"]
[SourceVersionDate "2002.11.25"]
[SourceQuality "1"]

1. Nf3 e6 2. c4 Nf6 3. Nc3 c5 4. g3 b6 5. Bg2 Bb7 6. 0-0 Be7 7. d4 cxd4 8. Qxd4 Nc6 9. Qf4 0-0 10. Rd1 d6 11. b3 Qb8 12. e4 a6 13. Ba3 Rd8 14. Qe3 b5 15. cxb5 axb5 16. Nxb5 Ra5 17. e5 Nd5 18. Rxd5 exd5 19. Bxd6 Bxd6 20. Nxd6 Nxe5 21. Qxe5 Qxd6 22. Qxd6 Rxd6 23. Nd4 Bc6 24. b4 Ra3 25. Nxc6 Rxc6 26. Bxd5 Rd6 27. Bb3 Kf8 28. Rc1 Ke7 29. Kg2 f6 30. h4 Kd7 31. h5 Rd4 32. h6 gxh6 33. b5 Rb4 34. Rc6 Rxb5 35. Rxf6 h5 36. Rh6 Ke7 37. Kh3 Raa5 38. Kh4 Re5 39. Rxh7+ Kf6 40. Rf7+ Kg6 41. Rf4 Re1 42. Bf7+ Kh6 43. Kh3 Ree5 44. Bb3 Rf5 45. Rxf5 Rxf5 46. f4 Rc5 47. a4 Rc1 48. Bd5 Rc5 49. Be6 Kg6 50. Bd7 Kf6 51. Be8 Ke7 52. Bb5 Kf6 53. Kh4 Kg6 54. Be8+ Kh6 55. Kh3 Rc2 56. Bb5 1/2-1/2

[Event "Cologne-ch 48th"]
[Site "Cologne"]
[Date "1999.??.??"]
[Round "6"]
[White "Loskamp, Stefan"]
[Black "Turco, Alfonso"]
[Result "0-1"]
[WhiteElo "2155"]
[BlackElo "2105"]
[PlyCount "70"]
[EventDate "1999.??.??"]
[EventType "swiss"]
[EventRounds "9"]
[EventCountry "GER"]
[SourceTitle "EXT 2003"]
[Source "ChessBase"]
[SourceDate "2002.11.25"]
[SourceVersion "1"]
[SourceVersionDate "2002.11.25"]
[SourceQuality "1"]

1. d4 Nf6 2. c4 e6 3. Nf3 b6 4. a3 Bb7 5. Nc3 d5 6. cxd5 exd5 7. Bg5 Be7 8. Qa4+ Qd7 9. Qc2 0-0 10. e3 h6 11. Bh4 c6 12. Bd3 Na6 13. 0-0 Nc7 14. b4 Ne6 15. Ne5 Qd8 16. Qa4 b5 17. Qc2 Nd7 18. Bxe7 Qxe7 19. f4 Rfe8 20. Be2 Nef8 21. Rf3 a5 22. Rb1 axb4 23. axb4 Nb6 24. Rg3 Nc4 25. Qd3 Qf6 26. Bh5 Re7 27. Ng4 Qd6 28. e4 dxe4 29. Nxe4 Rxe4 30. Qxe4 Nd2 31. Qd3 Nxb1 32. Qxb1 Qxd4+ 33. Kh1 Ng6 34. Nxh6+ gxh6 35. Rxg6+ Kf8 0-1

[Event "Cologne-ch 48th"]
[Site "Cologne"]
[Date "1999.??.??"]
[Round "9"]
[White "Seel, Christian"]
[Black "Loskamp, Stefan"]
[Result "1/2-1/2"]
[WhiteElo "2115"]
[BlackElo "2155"]
[PlyCount "30"]
[EventDate "1999.??.??"]
[EventType "swiss"]
[EventRounds "9"]
[EventCountry "GER"]
[SourceTitle "EXT 2003"]
[Source "ChessBase"]
[SourceDate "2002.11.25"]
[SourceVersion "1"]
[SourceVersionDate "2002.11.25"]
[SourceQuality "1"]

1. Nf3 c5 2. c4 Nf6 3. Nc3 e6 4. g3 b6 5. Bg2 Bb7 6. 0-0 Be7 7. Re1 0-0 8. e4 d6 9. d4 cxd4 10. Nxd4 a6 11. e5 dxe5 12. Bxb7 Ra7 13. Nc6 Qxd1 14. Nxd1 Rxb7 15. Nxe5 Rc8 1/2-1/2

[Event "Cologne op 47th"]
[Site "Cologne"]
[Date "1998.11.19"]
[Round "7"]
[White "Loskamp, Stefan"]
[Black "Roehrich, Stefan"]
[Result "1-0"]
[WhiteElo "2155"]
[BlackElo "2185"]
[PlyCount "63"]
[EventDate "1998.11.??"]
[EventType "swiss"]
[EventRounds "9"]
[EventCountry "GER"]
[SourceTitle "EXT 2000"]
[Source "ChessBase"]
[SourceDate "1999.11.16"]
[SourceVersion "1"]
[SourceVersionDate "1999.11.16"]
[SourceQuality "1"]

1. d4 Nf6 2. Nf3 g6 3. c4 Bg7 4. Nc3 0-0 5. e4 d6 6. Be2 e5 7. 0-0 exd4 8. Nxd4 Nc6 9. Nxc6 bxc6 10. f3 Be6 11. Bg5 Qc8 12. Qd2 Re8 13. Rfe1 a5 14. b3 Qb7 15. Rad1 Qb4 16. Na4 Nd7 17. Qc1 c5 18. Bd2 Qb8 19. f4 Nf6 20. Bf3 Bg4 21. Bxg4 Nxg4 22. Bc3 Bh6 23. Rd3 Qb7 24. Qd1 Rxe4 25. Qxg4 Rae8 26. Rxe4 Qxe4 27. Qf3 Bxf4 28. Qxe4 Rxe4 29. g3 Re3 30. Rxe3 Bxe3+ 31. Kg2 f5 32. Bxa5 1-0

[Event "Cologne op 47th"]
[Site "Cologne"]
[Date "1998.11.13"]
[Round "1"]
[White "Balduan, Markus"]
[Black "Loskamp, Stefan"]
[Result "1/2-1/2"]
[WhiteElo "2320"]
[BlackElo "2155"]
[PlyCount "98"]
[EventDate "1998.11.??"]
[EventType "swiss"]
[EventRounds "9"]
[EventCountry "GER"]
[SourceTitle "EXT 2000"]
[Source "ChessBase"]
[SourceDate "1999.11.16"]
[SourceVersion "1"]
[SourceVersionDate "1999.11.16"]
[SourceQuality "1"]

1. c4 e6 2. Nc3 f5 3. g3 Nf6 4. Bg2 d5 5. d4 Nc6 6. Bg5 Be7 7. cxd5 exd5 8. Bxf6 Bxf6 9. e3 Ne7 10. Nge2 c6 11. b4 a6 12. a4 Bd7 13. Rb1 b5 14. Nf4 Nc8 15. Nh5 Nd6 16. 0-0 0-0 17. Nxf6+ Qxf6 18. Ra1 Kh8 19. Ra2 Nc4 20. axb5 axb5 21. Qa1 Rxa2 22. Qxa2 Qd6 23. Qa7 g5 24. Ra1 Rf7 25. Qa8+ Kg7 26. Qd8 Qe7 27. Qxe7 Rxe7 28. Bf1 f4 29. exf4 gxf4 30. Ra7 f3 31. Bxc4 dxc4 32. h3 Kf6 33. Kh2 Be8 34. Rxe7 Kxe7 35. g4 Bf7 36. Kg3 Bd5 37. Kf4 Kf6 38. h4 Kg6 39. Ke5 Kf7 40. Kf5 Be6+ 41. Kf4 Bd5 42. Kg5 Kg7 43. h5 h6+ 44. Kf5 Kf7 45. g5 hxg5 46. Kxg5 Kg7 47. Nd1 Be4 48. h6+ Kh7 49. Nc3 Bd5 1/2-1/2

[Event "Wiesbaden op 16th"]
[Site "Wiesbaden"]
[Date "1997.??.??"]
[Round "5"]
[White "Ginsburg, Gennadij"]
[Black "Loskamp, Stefan"]
[Result "1-0"]
[WhiteElo "2485"]
[BlackElo "2205"]
[PlyCount "45"]
[EventDate "1997.08.??"]
[EventType "swiss"]
[EventRounds "9"]
[EventCountry "GER"]
[SourceTitle "EXT 2002"]
[Source "ChessBase"]
[SourceDate "2001.11.25"]
[SourceVersion "1"]
[SourceVersionDate "2001.11.25"]
[SourceQuality "1"]

1. e4 e6 2. d4 d5 3. Nd2 Nf6 4. e5 Nfd7 5. Bd3 c5 6. c3 Nc6 7. Ne2 cxd4 8. cxd4 f6 9. exf6 Nxf6 10. 0-0 Bd6 11. Nf3 0-0 12. Bf4 Bxf4 13. Nxf4 Ng4 14. g3 Qf6 15. Be2 Bd7 16. Qd2 Qh6 17. h4 Rxf4 18. Qxf4 Qxf4 19. gxf4 Rf8 20. Kg2 Rxf4 21. Kg3 e5 22. Nxe5 Nxd4 23. Bxg4 1-0